| 000 | 00525nam a2200193Ia 4500 | ||
|---|---|---|---|
| 008 | 151119s9999||||xx |||||||||||||| ||und|| | ||
| 082 | _a792 | ||
| 082 | _bGKKV6016 | ||
| 100 | _aआपटे वा शी | ||
| 245 | _aनाट्य व्यवहार | ||
| 260 | _a-- | ||
| 260 | _b-- | ||
| 260 | _c0 | ||
| 600 | _aआपटे वा शी | ||
| 630 | _aनाट्य व्यवहार | ||
| 700 | _aआपटे वा शी | ||
| 730 | _aनाट्य व्यवहार | ||
| 942 | _cBOOK | ||
| 999 |
_c1060944 _d1060941 |
||